Defying Gravity - Wicked Lyrics - Statistics

General Stats
  • This quiz has been taken 489 times
  • The average score is 348 of 491
Answer Stats
Answer % Correct
you
98%
I
95%
a
93%
me
91%
so
91%
no
90%
the
90%
in
89%
to
89%
and
88%
defying
88%
gravity
88%
your
88%
I'm
87%
some
87%
do
85%
fly
85%
it
85%
of
85%
you're
84%
can
83%
flying
82%
happy
82%
hope
82%
down
81%
down)
81%
ever
81%
go
81%
then
81%
we
81%
for
80%
is
80%
someone
79%
with
79%
too
78%
back
77%
can't
77%
it's
77%
late
77%
now
77%
be
76%
has
76%
how
76%
my
76%
bring
75%
(bring
75%
if
75%
try
75%
by
74%
change
74%
something
74%
that
74%
wizard
74%
not
73%
think
73%
win
73%
all
72%
I'll
71%
at
69%
guess
69%
high
69%
there
69%
could
68%
don't
68%
else's
68%
game
68%
have
68%
just
68%
rules
68%
same
68%
want
68%
know
67%
time
67%
within
67%
but
66%
cause
66%
'cause
66%
changed
66%
playing
66%
through
66%
never
65%
sleep
65%
why
65%
second
64%
work
64%
close
63%
Elphaba
63%
eyes
63%
what
63%
free
62%
say
62%
trust
62%
you've
62%
guessing
60%
own
60%
cannot
59%
feed
59%
instincts
59%
look
59%
pull
59%
ambition
58%
anymore
58%
come
58%
off
58%
right
58%
submission
58%
been
57%
sky
57%
still
57%
wanted
57%
western
57%
clever
56%
find
56%
forever
56%
handle
56%
I've
56%
leap
56%
love
56%
together
56%
once
55%
chance
54%
Glinda
54%
imagine
54%
unlimited
54%
well
54%
we'll
54%
would
54%
calm
53%
Elphie
53%
grovel
53%
instead
53%
told
53%
care
52%
delusions
52%
deserves
52%
everyone
52%
make
52%
much
52%
soon
52%
though
52%
afraid
51%
cost
51%
having
51%
losing
51%
lost
51%
one
51%
proud
51%
them
51%
understand
51%
limits
50%
long
50%
solo
50%
there's
50%
waited
50%
as
49%
says
49%
'til
49%
worked
49%
accepting
48%
comes
48%
couldn't
48%
goodbye
48%
grandeur
48%
her
48%
kiss
48%
lately
48%
least
48%
take
48%
things
48%
we're
48%
end
47%
hurt
47%
that's
47%
us
47%
friend
46%
they're
46%
get
45%
ground
45%
message
45%
or
45%
tandem
45%
team
45%
those
45%
was
45%
greatest
44%
listen
44%
dreams
43%
from
43%
gonna
43%
Oz
43%
sorry
43%
tell
43%
this
43%
way
43%
live
42%
she
42%
fight
41%
planned
41%
sooner
41%
I'd
40%
regret
40%
stayed
38%
choosing
37%
they'll
37%
buy
36%
nobody
36%
really
36%
wicked
35%
bliss
34%
brings
34%
are
33%
'em
31%
she's
31%
bring
30%
oh
28%
done
27%
leave
27%
match
26%
coming
25%
mourns
25%
kill
24%
renown
24%
anything
22%
hasn't
22%
alone
21%
wrong
21%
who'd
20%
got
16%
we've
13%
woah
5%
No matching quizzes found
Score Distribution
Percent of People with Each Score
Percentile by Number Answered
Your Score History
You have not taken this quiz